[Event "Khanty-Mansiysk Governor Cup Rapid 20th"]
[Site "Khanty-Mansiysk"]
[Date "2024.11.23"]
[Round "2"]
[White "Sergeev, Ruslan"]
[Black "Iljiushenok, Ilia"]
[Result "1-0"]
[WhiteElo "1630"]
[BlackElo "2524"]
[PlyCount "37"]
[EventDate "2024.11.23"]
[EventType "swiss (rapid)"]
[EventRounds "11"]
[EventCountry "RUS"]
[SourceTitle "CB48_2024"]
[SourceDate "2024.11.28"]
[SourceVersion "1"]
[SourceVersionDate "2024.11.28"]
[SourceQuality "1"]

1. c4 c5 2. Nf3 Nf6 3. Nc3 d5 4. cxd5 Nxd5 5. d4 cxd4 6. Qxd4 Nxc3 7. Qxc3 Nc6 8. e4 Qc7 9. Bb5 Bd7 10. 0-0 a6 11. Ba4 b5 12. Bb3 b4 13. Qc2 e6 14. Rd1 Be7 15. Ba4 Rc8 16. Rxd7 Kxd7 17. Bxc6+ Kd8 18. Qd1+ Qd6 19. Bf4 1-0